书目信息 |
| 题名: |
数字电子技术基础实验
|
|
| 作者: | 杨刚 主编 | |
| 分册: | ||
| 出版信息: | 北京 电子工业出版社 2004.01 |
|
| 页数: | 162页 | |
| 开本: | 24cm | |
| 丛书名: | 高等学校电工电子实践系列 | |
| 单 册: | ||
| 中图分类: | TN79-33 | |
| 科图分类: | ||
| 主题词: | 数字电路--高等学校--实验--高等学校--教材 | |
| 电子资源: | ||
| ISBN: | 7-5053-9383-9 | |
| 000 | 00915nam 2200253 450 | |
| 001 | 0145487489 | |
| 005 | 20051114153952.16 | |
| 010 | @a7-5053-9383-9@dCNY15.00 | |
| 100 | @a20040518d2004 km y0chiy0120 ea | |
| 101 | 0 | @achi |
| 102 | @aCN@b110000 | |
| 105 | @aa a 000yy | |
| 200 | 1 | @a数字电子技术基础实验@AShu Zi Dian Zi Ji Shu Ji Chu Shi Yan@f杨刚主编@FYang Gang Zhu Bian |
| 210 | @a北京@c电子工业出版社@d2004.01 | |
| 215 | @a162页@c图@d24cm | |
| 225 | 2 | @a高等学校电工电子实践系列 |
| 320 | @a有书目 (第162页) 。 | |
| 330 | @a该书实验内容丰富,包含原理性、验证性实验和设计性实验,具有实物实验与以Multisim 2001为代表EDA设计仿真实验紧密结合的特点,并含有可编程逻辑器件设计实验。 | |
| 410 | 0 | @12001 @a高等学校电工电子实践系列 |
| 606 | 0 | @a数字电路@x高等学校@x实验@x高等学校@x教材 |
| 690 | @aTN79-33@v4 | |
| 701 | 0 | @a杨刚@AYang Gang@4主编 |
| 801 | 0 | @aCN@bQSSK@c20051114 |
| 905 | @a10447@dTN79-33@eY182 | |
| 数字电子技术基础实验/杨刚主编.-北京:电子工业出版社,2004.01 |
| 162页:图;24cm.-(高等学校电工电子实践系列) |
| ISBN 7-5053-9383-9:CNY15.00 |
| 该书实验内容丰富,包含原理性、验证性实验和设计性实验,具有实物实验与以Multisim 2001为代表EDA设计仿真实验紧密结合的特点,并含有可编程逻辑器件设计实验。 |
| ● |
| 相关链接 |
|
|
|
正题名:数字电子技术基础实验
索取号:TN79-33/Y182
 
预约/预借
| 序号 | 登录号 | 条形码 | 馆藏地/架位号 | 状态 | 备注 |
| 1 | 575969 | 205759696 | 自科库301/301自科库 32排4列4层/ [索取号:TN79-33/Y182] | 在馆 | |
| 2 | 575970 | 205759703 | 自科库301/301自科库 32排4列4层/ [索取号:TN79-33/Y182] | 在馆 | |
| 3 | 575971 | 205759712 | 自科二线404/404自科库 12排2列1层/ [索取号:TN79-33/Y182] | 在馆 |